000 00568nam a22001937a 4500
005 20260413103416.0
008 260413b |||||||| |||| 00| 0 eng d
020 _a978-93-5014-272-1
082 _a624 Si579 2022
100 _aSikka, V. B.
_9434
245 _aA course in civil engineering drawing /
_cV. B. Sikka
250 _a7th ed.
260 _aNew Delhi, IN:
_bS.K. Kataria,
_c2022
300 _aviii, 566p.:
_bill.
500 _aOriginally published: S.K. Kataria, 2015
504 _aIncludes index
541 _e7992 c.1
650 _aEngineering drawing
_9461
999 _c2586
_d2586